UM Logo

Multiple intellegences of 1st year education students of University of Mindanao Digos College/ (Record no. 2948)

MARC details
000 -LEADER
fixed length control field 00659nam a22001697a 4500
008 - FIXED-LENGTH DATA ELEMENTS--GENERAL INFORMATION
fixed length control field 160602b xxu||||| |||| 00| 0 eng d
082 ## - DEWEY DECIMAL CLASSIFICATION NUMBER
Edition number 2011
Classification number UT 0310
Item number Se55
100 ## - MAIN ENTRY--PERSONAL NAME
9 (RLIN) 9823
Personal name Senarillos, Paola Maita B.
245 ## - TITLE STATEMENT
Title Multiple intellegences of 1st year education students of University of Mindanao Digos College/
Statement of responsibility, etc. Paola Maita B. Senarillos [and three others].
260 ## - PUBLICATION, DISTRIBUTION, ETC. (IMPRINT)
Place of publication, distribution, etc. Digos City:
Name of publisher, distributor, etc. UMDC
Date of publication, distribution, etc. October 2011.
300 ## - PHYSICAL DESCRIPTION
Extent 39 pages;
Dimensions 27.5 cm.
650 #0 - SUBJECT ADDED ENTRY--TOPICAL TERM
9 (RLIN) 9822
Topical term or geographic name as entry element Education
Form subdivision Mathematics
General subdivision Undergraduate thesis.
700 ## - ADDED ENTRY--PERSONAL NAME
9 (RLIN) 9819
Personal name Carpentero, April Jay M.
700 ## - ADDED ENTRY--PERSONAL NAME
9 (RLIN) 9820
Personal name Alcos, Haneya Mae V.
700 ## - ADDED ENTRY--PERSONAL NAME
9 (RLIN) 9821
Personal name Ocleda, Gezza Mae P.
942 ## - ADDED ENTRY ELEMENTS (KOHA)
Source of classification or shelving scheme Dewey Decimal Classification
Koha item type Undergraduate Thesis
Holdings
Withdrawn status Lost status Source of classification or shelving scheme Damaged status Not for loan Collection code Home library Current library Date acquired Total Checkouts Full call number Barcode Date last seen Price effective from Koha item type
    Dewey Decimal Classification     Undergraduate Theses UM Digos College - LIC UM Digos College - LIC 06/02/2016   UT 0310 Se55 2011 UT0310 06/02/2016 06/02/2016 Undergraduate Thesis